Online katalóg knižníc regiónu Turca

Dievčatko Momo a stratený čas (Record no. 21208)

MARC details
000 -LEADER
fixed length control field 02219cam a2200577 4500
001 - CONTROL NUMBER
control field 21208
003 - CONTROL NUMBER IDENTIFIER
control field VRT
005 - DATE AND TIME OF LATEST TRANSACTION
control field 20260224155249.0
008 - FIXED-LENGTH DATA ELEMENTS--GENERAL INFORMATION
fixed length control field 210701s2018 xo f cr 000 f slo
015 ## - NATIONAL BIBLIOGRAPHY NUMBER
National bibliography number SNBA2020/08
020 ## - INTERNATIONAL STANDARD BOOK NUMBER
International Standard Book Number 9788089956258
Qualifying information (viazané)
035 ## - SYSTEM CONTROL NUMBER
System control number urn:nbn:sk:snk-am00fg2m
035 ## - SYSTEM CONTROL NUMBER
System control number urn:nbn:sk:snk-am3isf4
035 ## - SYSTEM CONTROL NUMBER
System control number 919A712B-D797-415D-B280-70682D09D103
039 #9 - LEVEL OF BIBLIOGRAPHIC CONTROL AND CODING DETAIL [OBSOLETE]
Level of rules in bibliographic description 202410072103
Level of effort used to assign nonsubject heading access points AUTHORITY
Level of effort used to assign subject headings 202410072041
Level of effort used to assign classification AUTHORITY
Level of effort used to assign subject headings 202410071913
Level of effort used to assign classification AUTHORITY
Level of effort used to assign subject headings 202107010856
Level of effort used to assign classification VLOAD
040 ## - CATALOGING SOURCE
Original cataloging agency TTKJF
Language of cataloging slo
Modifying agency TTKJF
-- SNK
Description conventions rda
041 1# - LANGUAGE CODE
Language code of text/sound track or separate title slo
Language code of original ger
044 ## - COUNTRY OF PUBLISHING/PRODUCING ENTITY CODE
MARC country code xo
ISO country code SK
072 #7 - SUBJECT CATEGORY CODE
Subject category code 821.112.2-3
Subject category code subdivision Nemecká próza, nemecky písaná
Source konspekt
072 #7 - SUBJECT CATEGORY CODE
Subject category code 821-93
Subject category code subdivision Literatúra pre deti a mládež (beletria)
Source konspekt
080 ## - UNIVERSAL DECIMAL CLASSIFICATION NUMBER
Universal Decimal Classification number 821.112.2-31
Edition identifier 2011
080 ## - UNIVERSAL DECIMAL CLASSIFICATION NUMBER
Universal Decimal Classification number (0:82-312.9)
Edition identifier 2011
080 ## - UNIVERSAL DECIMAL CLASSIFICATION NUMBER
Universal Decimal Classification number 82-93
Edition identifier 2011
100 1# - MAIN ENTRY--PERSONAL NAME
Personal name Ende, Michael,
Dates associated with a name 1929-1995
Relationship aut
240 10 - UNIFORM TITLE
Uniform title Momo oder Die seltsame Geschichte von den Zeit-Dieben
Language of a work Slovensky
245 10 - TITLE STATEMENT
Title Dievčatko Momo a stratený čas
Statement of responsibility, etc. Michael Ende ; preklad: Margita Príbusová ; ilustrácie: Nikola Aronová
250 ## - EDITION STATEMENT
Edition statement 2. vydanie
264 #1 - PRODUCTION, PUBLICATION, DISTRIBUTION, MANUFACTURE, AND COPYRIGHT NOTICE
Place of production, publication, distribution, manufacture Bratislava
Name of producer, publisher, distributor, manufacturer Verbarium
Date of production, publication, distribution, manufacture, or copyright notice 2018
300 ## - PHYSICAL DESCRIPTION
Extent 295 strán
Other physical details ilustrované listy
Dimensions 21 cm
336 ## - CONTENT TYPE
Content type term text
Content type code txt
Source rdacontent
337 ## - MEDIA TYPE
Media type term bez média
Media type code n
Source rdamedia
338 ## - CARRIER TYPE
Carrier type term zväzok
Carrier type code nc
Source rdacarrier
500 ## - GENERAL NOTE
General note Obsahuje biografické údaje o autorovi a ilustrátorke
500 ## - GENERAL NOTE
General note Preložené z nemčiny
521 8# - TARGET AUDIENCE NOTE
Target audience note Pre čitateľov od rokov 9 rokov
650 07 - SUBJECT ADDED ENTRY--TOPICAL TERM
Topical term or geographic name entry element literatúra pre deti a mládež
Source of heading or term SNKPH
650 07 - SUBJECT ADDED ENTRY--TOPICAL TERM
Topical term or geographic name entry element Children's and juvenile literature
Source of heading or term SNKPHeng
655 #7 - INDEX TERM--GENRE/FORM
Genre/form data or focus term nemecké romány
Source of term SNKPH
655 #7 - INDEX TERM--GENRE/FORM
Genre/form data or focus term fantasy romány
Source of term SNKPH
655 #7 - INDEX TERM--GENRE/FORM
Genre/form data or focus term German fiction
Source of term SNKPHeng
655 #7 - INDEX TERM--GENRE/FORM
Genre/form data or focus term Fantasy novels
Source of term SNKPHeng
700 1# - ADDED ENTRY--PERSONAL NAME
Personal name Príbusová, Margita,
Dates associated with a name 1919-1997
Relationship trl
700 1# - ADDED ENTRY--PERSONAL NAME
Personal name Aronová, Nikola,
Dates associated with a name 1994-
Relationship ill
910 ## - USER-OPTION DATA (OCLC)
User-option data snk
942 ## - ADDED ENTRY ELEMENTS (KOHA)
Source of classification or shelving scheme Dewey Decimal Classification
Koha item type Krásna literatúra pre dospelých
Suppress in OPAC No
949 ## - LOCAL PROCESSING INFORMATION (OCLC)
6 3870A27040
a binIL 1528
b bin27040
949 ## - LOCAL PROCESSING INFORMATION (OCLC)
6 17A1426559
a snkSC 188822
b snk2020/9651
o 2430/2019
s 6100:20200811
949 ## - LOCAL PROCESSING INFORMATION (OCLC)
6 273K0641373
a svkpoA 241042
b svkpo633049
949 ## - LOCAL PROCESSING INFORMATION (OCLC)
6 17A1426560
a snkSC 188822 D1
b snk2020/9652
o 2430/2019
949 ## - LOCAL PROCESSING INFORMATION (OCLC)
6 0174032973
a lesknPRINT
b lesknBD2020/26161
Holdings
Stav vyradenia Strata Poškodenie Spôsob nadobudnutia Domovská knižnica Aktuálna knižnica Dátum nadobudnutia Total checkouts Čiarový kód exemplára Date last seen Typ exemplára
      Dar Obecná knižnica Horná Štubňa Obecná knižnica Horná Štubňa 24.02.2026   9788089956258 24.02.2026 Krásna literatúra pre dospelých
Projekt je podporený Slovenskou asociáciou knižníc
Prevádzkuje Turčianska knižnica Martin 2026